000 00558nam a2200193 a 4500
005 20140310183140.0
008 020718s19uu xx 00 eng d
020 _a9831364848
050 _aHD 30.28
_b.St844 200-
100 _aStevens, David
245 _aStrategic thinking :
_bsuccess secrets of big business projects /
_cDavid Stevens.
260 _aMalaysia :
_bSynergy,
_c[200_].
300 _a364 p. :
_bill. ;
_c25 cm.
500 _aInclude appendix.
521 _aBSBA
650 _aStrategic planning
942 _cBK
_2lcc
_kFOR
999 _c19386
_d19386